000 00385nam a2200145Ia 4500
008 230411s9999 xx 000 0 und d
020 _a0-521-44466-7
041 _aeng
082 _aS/610.73677/SOD/B05968
100 _aSodera Vija
_9178823
245 _aMinor Surgery in Practice
260 _bCambridge University Press
_aMelbourne
_c1994
300 _a356p
999 _c156432
_d156432